| 000 | 01155nam a2200373Ia 4500 | ||
|---|---|---|---|
| 001 | dia_5954 | ||
| 003 | CHAP | ||
| 005 | 20230608133947.0 | ||
| 008 | 220117s2006 xx 000 0 und d | ||
| 010 | _a177087 | ||
| 020 | _a978-607-310-806-5 | ||
| 040 | _cCHAP | ||
| 082 | _a808.83937 E26 P46 2006 | ||
| 100 |
_aEco, Umberto _935122 |
||
| 245 |
_aEl péndulo de Foucault / _c Umberto Eco ; traducción Helena Lozano |
||
| 250 | _a2a ed. | ||
| 260 |
_aMéxico : _b Random House Mondadori, _c2006 |
||
| 300 | _a820 p. | ||
| 440 |
_aDebolsillo. Contemporánea _9160156 |
||
| 500 | _aTítulo original: Il pendolo de Foucault | ||
| 503 | _aC. | ||
| 590 | _aPQ4865.C6 P46 2006 | ||
| 650 |
_aAlchemists _xFiction _9160157 |
||
| 650 |
_aAlquimia _xFicción _9160158 |
||
| 650 |
_aFiction _9152751 |
||
| 650 |
_aItalian literature _x20th century _9160159 |
||
| 650 |
_aLiteratura italiana _xSiglo XX _9160160 |
||
| 650 |
_aNovela _982011 |
||
| 700 |
_aLozano, Helena, tr. _9160161 |
||
| 901 | _a808.83937 E26 P46 2006 | ||
| 902 | _aM | ||
| 905 | _a5232272006 mx a 9222223332spa16 | ||
| 942 |
_cLIBRO _2ddc |
||
| 999 |
_c177087 _d177087 |
||